Taylor Swift Track 9s - Statistics

General Stats
  • This quiz has been taken 46 times
    41 since last reset
  • The average score is 9 of 11
Answer Stats
Album Song % Correct
Lover Cornelia Street
96%
Midnights Bejeweled
93%
folklore this is me trying
93%
reputation Getaway Car
89%
Taylor Swift Should've Said No
86%
1989 (Taylor's Version) Wildest Dreams
86%
evermore coney island
82%
Speak Now (Taylor's Version) Enchanted
79%
Fearless (Taylor's Version) You're Not Sorry
79%
THE TORTURED POETS DEPARTMENT Guilty as Sin?
75%
Red (Taylor's Version) Stay Stay Stay
75%
No matching quizzes found
Score Distribution
Percent of People with Each Score
Percentile by Number Answered
Your Score History
You have not taken this quiz since the last reset